000 00936cab a2200205 4500
001 ABS44912
008 090401t1991 xxu||||| |||| 00| 0 eng d
035 _a(Sirsi) u49854
041 _aeng
100 _aGaunt, J
245 _aWhat makes an award judge proof?
260 _c1991
350 _a0
490 _aEstates Gazette
_v(9128) 20 July 1991, 70-102
520 _aAbridged version of a Blundell Memorial Lecture. First part deals with the effect of Arbitration Act 1979 and the appeal guidelines in Nema on rent review arbitrations. The second part outlines the arbitration process, devoting most space to the methods which exist to challenge an award, but also providing a note on the appointment of an arbitrator, evidence and disclosure.
690 _aMANAGEMENT-DISPUTE AVOIDANCE, MANAGEMENT AND RESOLUTION-DISPUTE MANAGEMENT AND RESOLUTION-ARBITRATION
700 _aGreen, D.
942 _n0
948 _c04/03/1997
999 _c31216
_d31216